000 00823cab a2200253 4500
001 WB3403-14
008 090401t1998 xxu||||| |||| 00| 0 eng d
035 _a(Sirsi) u83245
041 _aeng
245 _aAgents line up for survey
260 _c1998
350 _a0
490 _aProperty Week
_v61(2) 16 January 1998, 16(1)
520 _aA government survey to find out what is wrong with the UK`s house-buying and selling process is to go ahead, with a thousand estate agents waiting to take part.
650 _aDELAYS
650 _aESTATE AGENTS
650 _aGOVERNMENT STUDY
650 _aPROPERTY-RESIDENTIAL PROPERTY-ACQUISITION AND DISPOSAL OF RESIDENTIAL PROPERTY
650 _aHOUSING MARKET TRANSACTION PROJECT
650 _aREFORM
690 _aHOUSING
942 _n0
948 _c21/01/1998
999 _c52566
_d52566